000 00688nam a22002537a 4500
001 21966
003 UA-OsUOA
005 20230915152137.0
007 ta
008 20031215b un ||||| |||| 00| 0 ukr d
040 _aUA-OsUOA
_brus
_cUA-OsUOA
_dUA-OsUOA
041 _arus
044 _aRU
080 _a02
090 _a02
_bВ75
100 _aВоронцов Г. А.
245 _aОсновы библиотековедения и работа с книгой
260 _aМосква
_bВысшая школа
_c1977
300 _a84 с.
650 7 _2UDC
942 _cBK
_2udc
955 _a0
999 _c308176
_d308176